Harry Potter Trivia - Order of the Phoenix - Statistics

General Stats
  • This quiz has been taken 399 times
    81 since last reset
  • The average score is 30 of 52
Answer Stats
Hint Answer % Correct
What attacks Harry and Dudley? A dementor
98%
What Hogwarts house is Luna Lovegood in? Ravenclaw
85%
Who is the new Defense Against the Dark Arts professor? Dolores Umbridge
83%
Who does Harry see being attacked by Nagini at the Ministry of Magic in a dream? Arthur Weasley
80%
What is the name of the Black family's house elf? Kreacher
80%
Whos parents are in St Mungos after being tortured to insanity? Neville Longbottom's
80%
Who kills Sirius Black? Bellatrix Lestrange
78%
Who was chosen as the Gryffindor quidditch team's new Keeper? Ron Weasley
78%
What is the wizarding hospital called? St Mungos
76%
What is 12 Grimmauld Place the headquarters of? The Order of the Phoenix
76%
What is the group called? Dumbledore's Army
75%
Who does Harry argue with over their mother beleiving the Daily Prophet about Harry and Dumbledore? Seamus Finnigan
75%
What room does Dobby show Harry as an ideal location for secret meetings? The Room of Requirement
75%
Which former Hogwarts professor is staying in the hospital? Gilderoy Lockhart
71%
What can Harry see pulls the Hogwarts carriages? Thestrals
71%
What is Hagrid's half-brother's name Grawp
69%
Who was Sirius's younger brother? Regulus Black
69%
What method of transportaiton do Fred and George use to leave Hogwarts? They fly on broomsticks
69%
What exactly has Voldemort been seeking all year? A prophecy
66%
Who is a Metamorphmagus? Nymphadora Tonks
66%
Fill in the blanks 3 ...born as the {seventh} month dies...
64%
What does Umbridge make Harry write with his own blood during detention? {I} {must} {not} {tell} {lies}
64%
Who replaces Trewlany as the Divination teacher when she is fired by Umbridge? Firenze
63%
Who is Mrs Figg furious at because he should have been watching Harry at the time of the attack? Mundungus Fletcher
61%
What does Sirius Black fall backwards through to his death? A veiled archway
59%
How does Dumbledore escape Hogwarts after Dumbledore's Army is revealed? Fawkes takes him away
59%
What does Cornelius Fudge beleive Dumbledore is after? His job
59%
Who has a portrait hidden behind curtains to stop her yelling? Sirius's mother
59%
Where do the students interested in starting a group to learn defensive magic from Harry meet in Hogsmeade? The Hog's Head
59%
What has Sirius given Harry so they could always communicate? The two-way mirror
59%
Who is Cornelius Fudge seen meeting with right before Harry's trial? Lucius Malfoy
58%
What does Snape begin teaching Harry? Occlumency
58%
Who is the new Gryffindor quidditch team captain? Angelina Johnson
56%
Who is acting as head of the Wizengamot, overseeing Harry's trial? Cornelius Fudge
53%
All summer, Harry is looking for news of Voledmort in what? The Muggle newspapers
53%
What is Molly Weasley's worst fear? The death of her family and Harry
51%
In which department of the Ministry of Magic does Harry see Sirius being tortured in his dream? The Department of Mysteries
51%
Fill in the blanks 1 The one with the power to vanquish the {Dark} {Lord} approaches...
49%
What paper does Hermione blackmail Rita Skeeter into writing a favourable article about Harry in? The Quibbler
49%
Fill in the blanks 2 ... born to those who have {thrice} defied him...
47%
What O.W.L is Harry taking as Umbridge tried to evict Hagrid from Hogwarts? Astronomy
46%
Where is Fleur Delacour working now? Gringotts
41%
Voldemort is after something. What is Sirius able to say it is before Molly and Lupin ask him to stop? A weapon
39%
What position is Umbridge appointed by the Minister of Magic? Hogwarts High Inquisitor
39%
What does Voldemort attempt to do to Harry as he battles Dumbledore? Possess him
36%
What does the howler Petunia receives by owl say? "{Remember} {my} {last}, Petunia"
32%
Why did Voldemort mark Harry as his equal? Because they are both half-blood wizards
24%
What is Snape's worst memory? Being bullied by James Potter
22%
Who was arrested for breaking into a top secret room at the Ministry of Magic? Sturgis Podmore
20%
What do the witches and wizards who come to take Harry away call themselves? The Advance Guard
19%
What number is used to enter the Ministry of Magic through telephone booths? 62442
14%
What was the name of the Giant's Gurg before Golgomath killed him? Karkus
12%
No matching quizzes found
Score Distribution
Percent of People with Each Score
Percentile by Number Answered
Your Score History
You have not taken this quiz since the last reset